Building regulations explained (Record no. 103927)

MARC details
000 -LEADER
fixed length control field 02427cam a2200565 4500
001 - CONTROL NUMBER
control field L128485
008 - FIXED-LENGTH DATA ELEMENTS--GENERAL INFORMATION
fixed length control field 050110n2004 000 0 eng u
020 ## - INTERNATIONAL STANDARD BOOK NUMBER
International Standard Book Number 0415308623
035 ## - SYSTEM CONTROL NUMBER
System control number (Sirsi) u128485
041 ## - LANGUAGE CODE
Language code of text/sound track or separate title eng
050 ## - LIBRARY OF CONGRESS CALL NUMBER
Classification number 692.2
-- 18
100 ## - MAIN ENTRY--PERSONAL NAME
Personal name Stephenson, John
245 ## - TITLE STATEMENT
Title Building regulations explained
Remainder of title 2004 edition
250 ## - EDITION STATEMENT
Edition statement 7th ed.
260 ## - PUBLICATION, DISTRIBUTION, ETC.
Place of publication, distribution, etc. London
Name of publisher, distributor, etc. Spon Press
Date of publication, distribution, etc. 2004
300 ## - PHYSICAL DESCRIPTION
Extent xvi, 661p.
Other physical details ill.
Dimensions 31cm.
350 ## - PRICE (NR) (BK AM CF MU VM SE) [OBSOLETE]
Price 75
505 ## - FORMATTED CONTENTS NOTE
Formatted contents note The development of building control
505 ## - FORMATTED CONTENTS NOTE
Formatted contents note Control of building work
505 ## - FORMATTED CONTENTS NOTE
Formatted contents note Application of Building Regulations to Inner London
505 ## - FORMATTED CONTENTS NOTE
Formatted contents note Relaxation of Building Regulations
505 ## - FORMATTED CONTENTS NOTE
Formatted contents note Exempt buildings and works
505 ## - FORMATTED CONTENTS NOTE
Formatted contents note Notices and plans
505 ## - FORMATTED CONTENTS NOTE
Formatted contents note Approved inspectors
505 ## - FORMATTED CONTENTS NOTE
Formatted contents note Work undertaken by public bodies
505 ## - FORMATTED CONTENTS NOTE
Formatted contents note Materials and workmanship
505 ## - FORMATTED CONTENTS NOTE
Formatted contents note Structure: Approved Document A
505 ## - FORMATTED CONTENTS NOTE
Formatted contents note Fire safety: Approved Document B
505 ## - FORMATTED CONTENTS NOTE
Formatted contents note Stie preparation and resistance to moisture: Approved Document C
505 ## - FORMATTED CONTENTS NOTE
Formatted contents note Toxic substances: Approved Document D
505 ## - FORMATTED CONTENTS NOTE
Formatted contents note Resistance to passage of sound: Approved Document E
505 ## - FORMATTED CONTENTS NOTE
Formatted contents note Ventilation and condensation: Approved Document F
505 ## - FORMATTED CONTENTS NOTE
Formatted contents note Hygiene: Approved Document G
505 ## - FORMATTED CONTENTS NOTE
Formatted contents note Combustion appliances and fuel storage systems: Approved Document J
505 ## - FORMATTED CONTENTS NOTE
Formatted contents note Protection from falling, collision and impact: Approved Document K
505 ## - FORMATTED CONTENTS NOTE
Formatted contents note Conservation of fuel and power: Approved Document L1 and L2
505 ## - FORMATTED CONTENTS NOTE
Formatted contents note Access to and use of buildings: Approved Document M
505 ## - FORMATTED CONTENTS NOTE
Formatted contents note Glazing - safety in relation to impact, opening and cleaning: Approved Document N
505 ## - FORMATTED CONTENTS NOTE
Formatted contents note Other Approved Documents
520 ## - SUMMARY, ETC.
Summary, etc. The seventh edition of this comprehensive text on the Building Regulations takes into account all key aspects of building control. Includes important revisions to Approved Documents B, E, H, J, L1, L2, M and an outline of the draft proposal for the future Approved Document P. Annexes include sources of information, relevant legislation and checklists.
650 ## - SUBJECT ADDED ENTRY--TOPICAL TERM
Topical term or geographic name entry element BUILDING REGULATIONS 2000
650 ## - SUBJECT ADDED ENTRY--TOPICAL TERM
Topical term or geographic name entry element BUILDING CONTROL
9 (RLIN) 6222
650 ## - SUBJECT ADDED ENTRY--TOPICAL TERM
Topical term or geographic name entry element APPROVED INSPECTORS
650 ## - SUBJECT ADDED ENTRY--TOPICAL TERM
Topical term or geographic name entry element BUILDING WORKS
690 ## - LOCAL SUBJECT ADDED ENTRY--TOPICAL TERM (OCLC, RLIN)
Topical term or geographic name as entry element BUILT ENVIRONMENT-BUILDING STANDARDS
700 ## - ADDED ENTRY--PERSONAL NAME
Personal name Foulger, Robert
710 ## - ADDED ENTRY--CORPORATE NAME
Corporate name or jurisdiction name as entry element London District Surveyors Association
9 (RLIN) 949
942 ## - ADDED ENTRY ELEMENTS (KOHA)
Suppress in OPAC 0
Holdings
Withdrawn status Lost status Source of classification or shelving scheme Damaged status Not for loan Home library Current library Shelving location Date acquired Cost, normal purchase price Total Checkouts Full call number Barcode Date last seen Date last checked out Copy number Cost, replacement price Price effective from Koha item type
    Dewey Decimal Classification     London London Folio 24/01/2005 75.00 29 F692.2 STE 30067440 06/08/2019 27/01/2010 1 75.00 06/08/2019 Book